|
|
|
|
| LEADER |
00000nam0a2200000 4500 |
| 001 |
143840 |
| 005 |
20231101221044.0 |
| 010 |
|
|
|a 9785769550003
|b (в пер.)
|b 2500 экз.
|
| 021 |
|
|
|a RU
|b 08-39774
|9 08-2194
|
| 035 |
|
|
|a (RuTPU)RU\TPU\book\155881
|
| 090 |
|
|
|a 143840
|
| 100 |
|
|
|a 20080702d2008 m y0rusy5002 ca
|
| 101 |
0 |
|
|a rus
|
| 102 |
|
|
|a RU
|
| 105 |
|
|
|a a j 001yy
|
| 200 |
1 |
|
|a Деловой этикет
|e учебное пособие
|f В. В. Усов
|
| 205 |
|
|
|a 2-е изд., стер.
|
| 210 |
|
|
|a Москва
|c Академия
|d 2008
|
| 215 |
|
|
|a 400 с.
|c ил.
|
| 320 |
|
|
|a Библиогр.: с. 396.
|
| 330 |
|
|
|a Каждый человек, наверное, не раз оказывался в ситуации, когда возникало ощущение неловкости во взаимоотношениях с окружающими из-за того, что кто-то нарушил правила хорошего тона. Такое положение особенно неприятно, когда окружающие — коллеги по работе, соседи, партнеры по бизнесу и т.д. В книге приведены советы и рекомендации по совершенствованию делового общения, манер, стиля повседневной жизни. На характерных примерах рассмотрены формирование профессионального имиджа, правила поведения с коллегами по работе, руководством, в обществе женщин (мужчин), при приеме гостей, в театре и других случаях, а также этика разговора по телефону, правила написания деловых писем и т.д. Для студентов средних профессиональных учебных заведений. Книга полезна и интересна для широкого круга читателей.
|
| 606 |
1 |
|
|a Деловой этикет
|2 stltpush
|3 (RuTPU)RU\TPU\subj\67861
|9 83509
|
| 610 |
1 |
|
|a этика
|
| 610 |
1 |
|
|a этикет
|
| 610 |
1 |
|
|a имидж
|
| 610 |
1 |
|
|a деловые переговоры
|
| 610 |
1 |
|
|a визиты вежливости
|
| 610 |
1 |
|
|a иностранные партнеры
|
| 610 |
1 |
|
|a англичане
|
| 610 |
1 |
|
|a французы
|
| 610 |
1 |
|
|a американцы
|
| 610 |
1 |
|
|a японцы
|
| 610 |
1 |
|
|a китайцы
|
| 610 |
1 |
|
|a итальянцы
|
| 610 |
1 |
|
|a арабы
|
| 610 |
1 |
|
|a деловая корреспонденция
|
| 610 |
1 |
|
|a электронные средства
|
| 610 |
1 |
|
|a руководители
|
| 610 |
1 |
|
|a секретари
|
| 610 |
1 |
|
|a меню
|
| 610 |
1 |
|
|a ланч
|
| 610 |
1 |
|
|a бранч
|
| 610 |
1 |
|
|a прием-банкет
|
| 610 |
1 |
|
|a домашние приемы
|
| 610 |
1 |
|
|a учебные пособия
|
| 686 |
|
|
|a Ю777я73
|v LBC/SL-A
|2 rubbk
|
| 700 |
|
1 |
|a Усов
|b В. В.
|g Владимир Васильевич
|
| 801 |
|
1 |
|a RU
|b 63413507
|c 20080924
|g PSBO
|
| 801 |
|
2 |
|a RU
|b 63413507
|c 20120307
|g PSBO
|
| 900 |
|
|
|a Деловое общение
|
| 900 |
|
|
|a Деловой этикет
|
| 900 |
|
|
|a Этика делового общения
|
| 900 |
|
|
|a Этика деловых отношений
|
| 900 |
|
|
|a Этика и психология делового общения
|
| 942 |
|
|
|c BK
|
| 959 |
|
|
|a 82/20080924
|d 1
|e 325,00
|f ЧЗГЛ:1
|